000 00506nam a2200169 a 4500
001 000048078
005 20201002060915.0
008 181113s2015 dr 000 spa d
020 _a9789945589351
040 _aDO-SdBNP
_bspa
_cBNPHU
082 _axxx
_bC957c
100 _aCruz Durán, Giovanny
_975533
245 0 _aCarrusel de duendes, difuntos y olvidados. /
_cGiovanny Cruz Durán.
260 _aSanto Domingo :
_bSantuario,
_c2015.
300 _a259 p. ;
_c24 cm.
590 _aInventariado, 2018 / DG
999 _c47566
_d47566